Normal view MARC view

Entry Nombre corporativo

Number of records used in: 1

001 - NÚMERO DE CONTROL

  • campo de control: 13026

003 - IDENTIFICADOR DE NÚMERO DE CONTROL

  • campo de control: OSt

005 - FECHA Y HORA DE LA ÚLTIMA TRANSACCIÓN

  • campo de control: 20221005155551.0

008 - ELEMENTOS DE DATO DE LONGITUD-FIJA

  • campo de control de longitud fija: 221005|| aca||aabn | a|a d

040 ## - FUENTE DE CATALOGACIÓN

  • Centro catalogador/agencia de origen: OSt
  • Centro/agencia transcriptor: OSt

110 ## - ENCABEZAMIENTO-NOMBRE DE ENTIDAD CORPORATIVA

  • Nombre de entidad corporativa o nombre de jurisdicción como elemento de entrada: CENTRO DE COMUNICACION, INVESTIGACION Y DOCUMENTACION EUROPA - AMERICA LATINA
  • Unidad subordinada: Fundación Asistencia Técnica para el Desarrollo
  • Sede del congreso/Lugar de la reunión: Madrid

670 ## - FUENTE DE DATOS ENCONTRADOS

  • Cita de la fuente: Work cat.: (OSt)13135: GARCIA ALONSO, José Vidal 13023, <Los> micropréstamos como instrumentos de desarrollo en el sur :, 2004

Powered by Koha